| 000 | 00865nam a22001937a 4500 | ||
|---|---|---|---|
| 005 | 20221215012154.0 | ||
| 008 | 221215b |||||||| |||| 00| 0 eng d | ||
| 082 | _aFil. 344.599072 Sa246 2015 | ||
| 100 |
_aSarmiento, Ulpiano Lilan P., III _eauthor |
||
| 245 |
_aCompendium of school laws in the Philippines: _bvolume 2 / _cUlpiano Lilan P. Sarmiento III |
||
| 260 |
_aQuezon City: _bS. L., _cc2015. |
||
| 300 | _a2v (vi, 977; vii, 1120)p. | ||
| 500 | _aIncludes index | ||
| 505 | _avol. 1 the manual of regulation for private higher education; vol. 2 the revised manual of regulations for private schools in basic education | ||
| 541 | _e6067 v.1, 6068 v.2 | ||
| 650 | _aPrivate schools - law and legislation - Philippines | ||
| 650 | _aUniversities and colleges - law and legislation - Philippines | ||
| 650 | _aEducational law and legislation - Philippines | ||
| 999 |
_c405 _d405 |
||